00737nam a2200241 a 4500001001300000003000900013005001700022008004100039020002300080082001800103100002600121245004200147260003500189300000900224500003500233505002400268650002600292700002600318902000800344942000700352952011900359999001700478nice12345678IN_TiNIC20260116014613.0050524s2002 newa grp 000 0 eng  a817151X c25000a297.1224bNAD aNadvi, Abdullah Abbas aLearn the Language of the Holy Qur`an aNew DelhibKitab Bhavan c2002 a412p aincludes index and biblioraphy2 aBibliography- Index aQuran-Language, Style1 aNadvi, Abdullah Abbas bSRS cBK 001040708StackRoom-aHMIbHMId2007-07-31g250.00l0o297.1224 NADp021224r2007-07-31v250.00w2005-05-24yBK c16185d16185